[Event "SS Manhem Chess Week-GM 2018"]
[Site "Gothenburg"]
[Date "2018.08.15"]
[Round "7"]
[White "Vestby-Ellingsen, Mads"]
[Black "Johansson, Linus"]
[Result "1/2-1/2"]
[WhiteElo "2409"]
[BlackElo "2457"]
[Annotator "TA"]
[PlyCount "104"]
[EventDate "2018.08.11"]
[EventCountry "SWE"]
[SourceTitle "playchess.com"]
[Source "ChessBase"]
[SourceQuality "1"]

{[%evp 26,104,30,33,27,32,47,0,0,0,0,0,0,-12,-13,-14,-4,-29,0,0,0,0,0,0,0,-6,-4,-13,-5,-18,0,-14,0,0,0,-17,0,-24,0,-7,0,-45,-10,-4,-7,-25,-25,-25,-25,-22,-19,-68,-42,-130,-26,-26,-27,-29,-8,-12,-1,-1,-8,-8,-1,-29,0,-2,0,0,0,0,0,0,0,0,0,0,0,0,0]} 1. d4 Nf6 2. c4 e6 3. Nc3 Bb4 4. e3 O-O 5. Bd3 d5 6. Nf3 c5 7. O-O dxc4 8. Bxc4 Nbd7 9. Qe2 b6 10. Rd1 cxd4 11. exd4 Bxc3 12. bxc3 Bb7 13. Bb3 Qc7 {E54: Nimzo-Indian: Rubinstein: Main Line: 7...dxc4 8 Bxc4} 14. c4 {LiveBook: 3 Games} Rac8 (14... Rfe8 15. Bb2 Qf4 16. Qe3 Qf5 17. Ne1 b5 18. c5 Nd5 19. Qg3 Nf4 20. Rd2 Nf6 21. f3 {1-0 (54) Aronian,L (2754)-Leko,P (2751) Nalchik 2009 CBM 130 [Aronian,L]}) 15. Bb2 Qf4 $146 {White is slightly better.} ({Predecessor:} 15... Rfd8 16. Rac1 Qf4 17. d5 exd5 18. Rd4 Qf5 19. Bc2 Qe6 20. Qd2 Rxc4 {1-0 (34) Cherednichenko,V (1964)-Napalkov,V (2235) Voronezh 2009}) 16. Qe3 (16. Ne1 {is more complex.} Nb8 17. Nd3 Qg5 18. f3 Rfd8 19. Qe5) 16... Qxe3 17. fxe3 Ne4 18. Rac1 Rc7 19. Rc2 Rfc8 20. Rdc1 a5 21. Ba3 Ba6 22. Ba4 Nb8 {[%cal Rc7c4]} 23. Bb3 Nd7 24. Ba4 f6 25. Bb3 {Threatening c5.} Kf7 26. Ne1 g5 27. Nd3 h5 28. Ba4 Nb8 {[%cal Rc7c4]} 29. Bb3 h4 30. h3 Nd7 {[%cal Bb8d7,Bd7f8,Bf8g6,Bg6e7][%mdl 32]} 31. Ne1 Nf8 32. Nf3 Ng6 33. Kh2 a4 (33... Bb7 $5 {[%cal Ra5a4]} 34. c5 b5 $15) 34. Bxa4 Rxc4 35. Bb3 Rxc2 36. Rxc2 Ne7 37. Rxc8 Bxc8 38. Bc1 Bb7 39. a4 (39. Bc2 $15) 39... Bc6 ({Black should play} 39... Ng3 $17 40. Bc2 Be4 41. Bxe4 Nxe4) 40. Nd2 $1 $11 Nc3 {And now ...Nf5 would win.} 41. Nc4 $1 Ned5 (41... Nc8 {is interesting.} 42. a5 bxa5 43. Nxa5 Bd5 44. Bc2 Nd6) 42. a5 bxa5 (42... b5 {looks sharper.} 43. Nb2 Ke7 44. Nd3 Kd6 45. Nc5 e5) 43. Nxa5 Ba8 44. Nc4 Ne4 45. Nd2 Ndc3 46. Nxe4 {The position is equal.} Bxe4 {[%mdl 4096] Endgame KBB-KBN} 47. Bd2 Nb5 48. Bb4 Nc7 49. g3 hxg3+ 50. Kxg3 Nd5 51. Bxd5 exd5 52. h4 Kg6 {Precision: White = 41%, Black = 39%.} 1/2-1/2

[Event "SS Manhem Chess Week-GM 2018"]
[Site "Gothenburg"]
[Date "2018.08.16"]
[Round "8"]
[White "Golubka, Petro"]
[Black "Christiansen, Johan-Sebastian"]
[Result "0-1"]
[WhiteElo "2478"]
[BlackElo "2515"]
[Annotator "TA"]
[PlyCount "122"]
[EventDate "2018.08.11"]
[EventCountry "SWE"]
[SourceTitle "playchess.com"]
[Source "ChessBase"]
[SourceQuality "1"]

{[%evp 21,122,8,0,-16,-5,-20,-5,-18,0,0,-14,-34,-18,-13,-22,-28,-22,-27,-13,-7,-9,-17,-12,-17,-20,-29,-29,-32,-31,-31,-31,-26,-29,-29,-27,-72,-75,-75,-67,-69,-68,-57,-64,-64,-59,-63,-59,-85,-72,-80,-64,-64,-55,-69,-85,-103,-72,-158,-156,-150,-121,-123,-23,-23,-23,-387,-239,-499,-502,-478,-461,-426,-287,-12822,-64,-12824,-12825,-12825,-12826,-12827,-12827,-12827,-12828,-12827,-12827,-12831,-12817,-12834,-12833,-12833,-12833,-12833,-12833,-12835,-12835,-12836,-12836,-12836,-12836,-12836,-12837,-12834,-12834]} 1. d4 Nf6 2. c4 e6 3. Nf3 d5 4. Nc3 Bb4 5. e3 O-O 6. Bd3 dxc4 7. Bxc4 c5 8. a3 Bxc3+ 9. bxc3 Qc7 10. Be2 b6 11. O-O Bb7 {LiveBook: 15 Games} 12. h3 {E53: Nimzo-Indian: Rubinstein: Main Line (4...0-0 5 Nf3 d5 6 Bd3 c5 7 0-0)} (12. Bb2 Rd8 13. Re1 Nc6 14. a4 Rac8 15. Rc1 Qb8 16. c4 cxd4 17. exd4 Qf4 18. g3 Qd6 19. Bd3 Ne7 {½-½ (38) Gajewski,G (2616)-Iordachescu,V (2651) Moscow 2012}) 12... Rd8 $146 ({Predecessor:} 12... Nbd7 13. a4 Rfe8 14. a5 e5 15. Bb2 c4 16. Qa4 b5 17. Qc2 e4 18. Nd2 a6 19. Rfb1 Nd5 {1-0 (72) Mendivil Anton,D (2233)-Villavicencio Martinez,C (2128) Tenerife 2017}) 13. Bb2 Nc6 14. Rc1 {The position is equal.} Rac8 15. Re1 Na5 16. Bf1 c4 17. Nd2 Ne4 18. Nxe4 Bxe4 19. f3 Bd3 (19... Bb7 {with more complications.} 20. Qc2 f5 21. a4 Nb3 22. Rb1 Rf8) 20. Bxd3 cxd3 21. Qxd3 Nc4 22. Qe2 Qc6 23. Qc2 Rd5 24. Rb1 Ra5 $36 {[%mdl 2048] Black has good play.} 25. Ra1 Nxb2 26. Qxb2 Rb5 27. Qd2 Rb3 28. Rec1 Rxc3 29. Rxc3 Qxc3 30. Qxc3 Rxc3 $17 {[%mdl 4096] Endgame KR-KR} 31. Kf2 Rc2+ 32. Kg3 Kf8 33. a4 Ke7 34. Rb1 Kd6 35. a5 Kc6 36. axb6 axb6 37. h4 b5 38. h5 h6 39. Kf4 (39. f4 $142) 39... Rxg2 40. Rc1+ Kd6 41. e4 f6 ({Black should try} 41... Rg5 $1 $17 42. e5+ Kd7) 42. e5+ $11 Kd5 43. Ke3 $2 {[%mdl 8192]} (43. exf6 $11 gxf6 44. Ke3) 43... fxe5 $19 44. Rc5+ $2 (44. dxe5 {is the only way for White.} Rg5 45. Rd1+ Kc5 46. f4 Rxh5 47. Rc1+ Kb6 48. Rc8) 44... Kd6 {...exd4+ is the strong threat.} 45. Rxb5 exd4+ 46. Kxd4 Ke7 $1 47. f4 $2 (47. Rb1) 47... Kf6 $2 ({Better is} 47... Rd2+ $1 $19 48. Ke4 Kf6) 48. Ke4 $2 {[%mdl 8192]} (48. Ke3 $15) 48... Rd2 {Black is clearly winning.} 49. Rb1 Rd5 50. Rh1 Ra5 51. Kf3 {[#]} Kf5 $1 52. Rg1 Ra3+ 53. Ke2 {[#]} Kf6 $1 54. Rh1 Rg3 55. Kf2 Rg4 56. Ke3 Kf5 57. Rf1 Rh4 58. Rg1 Kf6 59. Rg6+ Kf7 60. Rg1 Rxh5 61. Ke4 Ra5 {Precision: White = 44%, Black = 79%.} 0-1

[Event "SS Manhem Chess Week-GM 2018"]
[Site "Gothenburg"]
[Date "2018.08.16"]
[Round "8"]
[White "Johansson, Linus"]
[Black "Gritsak, Orest"]
[Result "1/2-1/2"]
[WhiteElo "2457"]
[BlackElo "2464"]
[Annotator "TA"]
[PlyCount "69"]
[EventDate "2018.08.11"]
[EventCountry "SWE"]
[SourceTitle "playchess.com"]
[Source "ChessBase"]
[SourceQuality "1"]

{[%evp 17,69,29,22,7,13,2,43,0,36,29,35,36,59,23,33,33,70,58,83,47,81,76,87,81,86,62,72,49,55,39,55,51,62,0,0,0,0,0,0,6,51,51,52,41,37,31,148,0,285,0,106,0,256,0]} 1. d4 d6 2. Nf3 g6 3. g3 Bg7 4. Bg2 Nd7 5. O-O e5 6. e4 Ngf6 7. Nc3 O-O 8. h3 c6 9. a4 a5 {LiveBook: 31 Games} 10. Bg5 {B07: Pirc Defence: Miscellaneous Systems} (10. Be3 Re8 11. Re1 Qc7 12. Qd2 Nb8 13. Rad1 Na6 14. Kh2 Nb4 15. Bg5 Be6 16. b3 Rad8 17. Qc1 Bc8 18. Re2 Qe7 19. Be3 exd4 20. Nxd4 {0-1 (44) Dobrov,V (2515)-Onischuk,V (2637) Riadh 2017}) 10... h6 11. Be3 Re8 12. Qd2 $146 {White is slightly better.} ({Predecessor:} 12. dxe5 dxe5 13. Qe2 Qe7 14. Nd2 b6 15. Rfb1 Ba6 16. Qd1 Bf8 17. Bf1 Bxf1 18. Qxf1 {0-1 (34) Csala,I (2251)-Horvath,Z (2332) Hungary 2005}) 12... Kh7 13. Rad1 b6 14. Rfe1 Ba6 15. Nh2 Qc7 16. Ng4 h5 17. Nxf6+ Nxf6 18. d5 c5 19. Bf1 Bc8 20. Kh2 Ng8 21. Bb5 Rf8 22. Bc6 Rb8 $1 23. f4 Qe7 24. Rf1 f5 25. fxe5 ({White should try} 25. exf5 $14 Bxf5 26. fxe5) 25... Bxe5 $11 {Black wants to play ...h4.} 26. Bg5 $36 {[%mdl 2048] White is pushing.} Qg7 27. exf5 Bxf5 28. Rde1 Nh6 29. Rxe5 dxe5 30. d6 {aiming for d7.} Ng8 $1 31. Re1 {[%mdl 1024] White has compensation.} Rf7 (31... Bd7 $1 $14 32. Bxd7 Qxd7) 32. Bd5 (32. g4 $1 $16 {[%cal Rg4f5]} hxg4 33. hxg4 Bxg4 34. Kg3) 32... Rd7 $2 {[%mdl 8192]} (32... Rff8 $11 {and Black is okay.}) 33. Bc6 $2 (33. g4 $1 $18 {[%cal Rg4f5]} hxg4 34. hxg4 Bxg4 35. Rg1) 33... Rf7 $16 34. Bd5 (34. g4 $1 $16 {[%cal Rg4f5]} hxg4 35. hxg4) 34... Rd7 $18 {[#]} 35. Bc6 $2 {Precision: White = 47%, Black = 43%.} ({White has to play} 35. g4 $1 $18 {[%cal Rg4f5][%mdl 512]} hxg4 36. hxg4 Bxg4 37. Kg3) 1/2-1/2

[Event "SS Manhem Chess Week-GM 2018"]
[Site "Gothenburg"]
[Date "2018.08.16"]
[Round "8"]
[White "Schneider, Stefan"]
[Black "Lindberg, Bengt"]
[Result "0-1"]
[WhiteElo "2399"]
[BlackElo "2416"]
[Annotator "TA"]
[PlyCount "94"]
[EventDate "2018.08.11"]
[EventCountry "SWE"]
[SourceTitle "playchess.com"]
[Source "ChessBase"]
[SourceQuality "1"]

{[%evp 21,94,42,60,28,91,93,92,70,70,45,37,30,58,31,32,39,69,22,25,-40,-35,-52,13,-39,0,-4,0,-25,-31,-27,-27,-36,-39,-40,-19,-15,-19,-69,-69,-83,-55,-71,-60,-112,-73,-85,-64,-101,-64,-131,-93,-96,-82,-82,-82,-88,-80,-562,-551,-29962,-10239,-29972,-29973,-29969,-29970,-29993,-29994,-29994,-29995,-29995,-29996,-29996,-29997,-29997,-29998]} 1. d4 Nf6 2. c4 e6 3. Nf3 c5 4. d5 d6 5. Nc3 exd5 6. cxd5 g6 7. Bf4 a6 8. a4 Bg7 9. h3 O-O 10. e3 Qe7 {A61: Modern Benoni: Nf3 without early e4} 11. Be2 Nfd7 {LiveBook: 9 Games} 12. Bg5 Qe8 (12... f6 $11 {remains equal.} 13. Bh4 Ne5) 13. O-O f5 14. Nd2 {Threatens to win with Nc4.} Ne5 15. Bf4 Nbd7 16. Qc2 Qe7 17. Rae1 Rb8 18. Bg3 Nf6 {[#]} 19. f4 $146 ({Predecessor:} 19. a5 Bd7 20. Qb3 {1-0 (43) Sjugirov,S (2650)-Krylov,M (2476) Sochi 2017}) 19... Nf7 {[%cal Be5f7,Bf7h6,Bh6f5][%mdl 32]} 20. Bd3 (20. Bh4 $11) 20... b5 $15 21. b3 {[%cal Ra4b5]} Qd8 (21... Nh5 $15 22. Bf2 Bd7) 22. e4 (22. Bh4 $11) 22... b4 23. Nd1 {[%cal Re4f5]} fxe4 24. Bc4 Nh6 25. Nxe4 Nxe4 26. Qxe4 Nf5 27. Bf2 a5 28. Qd3 Nd4 29. Qg3 Rb7 $36 {[%mdl 2048] White is under pressure.} 30. Kh1 Rbf7 31. Bxd4 Bxd4 32. Re6 (32. Bb5 $15) 32... Kh8 {aiming for ...Be5!} 33. Ne3 Rg7 34. Qf3 Qh4 35. Ng4 (35. Kh2 $15) 35... Rgf7 $17 36. Qe4 h5 37. Nh2 Bxe6 38. dxe6 Rxf4 39. Rxf4 $4 {[%mdl 8192]} (39. Qxg6 $17 {nothing else works.} Rxf1+ 40. Nxf1) 39... Rxf4 $19 40. Qa8+ Kg7 {( -> ...Qe1+)} 41. Qb7+ Kh6 {Black mates.} 42. Nf3 {[#]} Qf2 $1 43. Kh2 {[#]} Rxf3 $1 44. Qxf3 Qg1+ 45. Kg3 Qe1+ 46. Kh2 Bg1+ 47. Kh1 Bf2+ {Precision: White = 30%, Black = 59%.} 0-1

[Event "SS Manhem Chess Week-GM 2018"]
[Site "Gothenburg"]
[Date "2018.08.16"]
[Round "8"]
[White "Brynell, Stellan"]
[Black "Rozentalis, Eduardas"]
[Result "1/2-1/2"]
[WhiteElo "2391"]
[BlackElo "2503"]
[Annotator "TA"]
[PlyCount "86"]
[EventDate "2018.08.11"]
[EventCountry "SWE"]
[SourceTitle "playchess.com"]
[Source "ChessBase"]
[SourceQuality "1"]

{[%evp 15,86,47,48,50,43,52,33,34,31,38,23,13,25,0,0,0,0,0,0,-10,0,0,0,0,0,0,0,0,0,0,0,0,0,-25,0,0,0,-5,0,0,0,0,0,0,0,0,0,-2,0,0,0,0,0,0,0,0,0,0,0,0,0,0,0,-8,0,0,0,0,0,0,0,-12,0]} 1. d4 Nf6 2. c4 e6 3. Nf3 Bb4+ 4. Bd2 a5 5. g3 c5 6. Bg2 {E11: Bogo-Indian} cxd4 7. Nxd4 Nc6 8. Nb5 d5 {LiveBook: 3 Games} 9. O-O dxc4 $146 ({Predecessor:} 9... O-O 10. cxd5 exd5 11. Bf4 Bg4 12. h3 Bf5 13. a3 {0-1 (47) Cori Tello,J (2609)-Bachmann,A (2641) Baku 2016}) 10. Bxb4 axb4 11. Qxd8+ Kxd8 12. Nd2 Ke7 13. Nxc4 Bd7 14. Rfd1 Na5 15. Nbd6 Nxc4 16. Nxc4 Bb5 17. Rac1 Rac8 18. Nb6 Rxc1 19. Rxc1 Rd8 20. a4 bxa3 21. bxa3 Bxe2 22. Bxb7 Rd2 23. a4 Ra2 24. h3 Ne8 25. Kg2 {The position is equal.} g5 (25... g6 {with more complications.} 26. Rc8 Ra1 27. Ra8 Bf1+ 28. Kh2 Nd6) 26. Bf3 Bxf3+ 27. Kxf3 $11 {[%mdl 4096] Endgame KRN-KRN} f5 28. Ke3 h5 29. f3 Nf6 30. Rc7+ Kd6 31. Rf7 Nd5+ 32. Nxd5 {KRN-KR} Ra3+ 33. Ke2 {Hoping for Nf6.} Kxd5 {KR-KR} 34. Rg7 Ra2+ 35. Ke3 {[#]} f4+ $1 {[%mdl 512]} 36. gxf4 Ra3+ 37. Ke2 gxf4 38. Rd7+ Ke5 39. Ra7 h4 40. Ra8 Re3+ 41. Kf2 Rc3 42. Ke2 Ra3 43. Ra7 Kd4 {Precision: White = 88%, Black = 67%.} 1/2-1/2

[Event "SS Manhem Chess Week-GM 2018"]
[Site "Gothenburg"]
[Date "2018.08.17"]
[Round "9"]
[White "Rozentalis, Eduardas"]
[Black "Schneider, Stefan"]
[Result "1-0"]
[WhiteElo "2503"]
[BlackElo "2399"]
[Annotator "TA"]
[PlyCount "73"]
[EventDate "2018.08.11"]
[EventCountry "SWE"]
[SourceTitle "playchess.com"]
[Source "ChessBase"]
[SourceQuality "1"]

{[%evp 22,73,28,25,35,20,31,38,31,30,57,48,48,22,38,35,64,35,31,4,44,43,58,56,46,54,54,50,153,143,154,167,163,153,163,152,167,68,183,139,153,129,241,238,245,274,270,279,360,365,354,356,406,404]} 1. e4 c6 2. Nc3 d5 3. Nf3 Bg4 4. h3 Bxf3 5. Qxf3 e6 6. a3 Nd7 7. d3 Ngf6 {[%cal Bg8f6,Bf6e8,Be8c7,Bc7b5,Bb5d4][%mdl 32]} 8. g3 g6 {B11: Caro-Kann (Zweispringer-Variante)} (8... Qa5 9. Bd2 Qb6 10. Nd1 Bd6 11. Bg2 O-O 12. O-O a5 13. Kh1 Qa6 14. Re1 Rfd8 15. Bf1 b5 16. Bg5 {½-½ (31) Kuzubov,Y (2667)-Iordachescu,V (2589) Abu Dhabi 2014}) 9. Bg2 Bg7 10. O-O O-O 11. Qe2 Qb6 12. Kh2 {LiveBook: 3 Partien} Ne8 13. f4 $146 ({Vorgänger:} 13. Nd1 Nd6 14. f4 Rfd8 15. Be3 Qa6 16. e5 {½-½ (33) Vorobiov,E (2547)-Wenninger,P (2349) Schwaebisch Gmuend 2018}) 13... Nc7 14. Nd1 Rae8 15. Be3 c5 16. Rb1 Nb5 17. Nf2 Nd4 18. Qd1 Qc7 19. c3 Nc6 20. e5 h5 21. d4 Na5 22. b3 cxd4 23. cxd4 Rc8 24. Qd3 Qc3 (24... Qc2 $14) 25. Qxc3 $1 $16 Rxc3 26. Bd2 Rfc8 27. Bxc3 Rxc3 28. Rfc1 $1 {[%cal Rc1c3]} Re3 29. Bf1 (29. Rc7 $1 $18 {[%cal Rc7d7]} Nf8 30. b4) 29... Nb6 (29... Nc6 $1 $14) 30. Kg2 Nc6 31. Rd1 Rc3 (31... Bf8 $16 {kämpft weiter.} 32. Bb5 Ne7) 32. Bb5 $18 Na5 {[#]} 33. Rdc1 $1 {[%cal Rc1c3]} Rxc1 34. Rxc1 Nxb3 {[#]} 35. Rc7 $1 {Weiß steht auf Gewinn.} Nxd4 36. Be8 f5 37. Bxg6 {Precision: Weiß = 71%, Schwarz = 21%.} 1-0

[Event "SS Manhem Chess Week-GM 2018"]
[Site "Gothenburg"]
[Date "2018.08.17"]
[Round "9"]
[White "Lindberg, Bengt"]
[Black "Johansson, Linus"]
[Result "1/2-1/2"]
[WhiteElo "2416"]
[BlackElo "2457"]
[Annotator "TA"]
[PlyCount "31"]
[EventDate "2018.08.11"]
[EventCountry "SWE"]
[SourceTitle "playchess.com"]
[Source "ChessBase"]
[SourceQuality "1"]

{[%evp 14,21,29,31,62,17,26,18,17,3]} 1. e4 Nc6 2. Nf3 d6 3. d4 Nf6 4. Nc3 g6 5. h3 Bg7 6. Be3 O-O 7. d5 Nb8 {B08: Pirc Defence: Classical System} 8. Bc4 {LiveBook: 3 Games} (8. Bd3 e5 9. dxe6 Bxe6 10. O-O Nc6 11. Qd2 d5 12. Bg5 dxe4 13. Nxe4 Nxe4 14. Bxe4 Qxd2 15. Bxd2 {1-0 (43) Harikrishna,P (2744)-Mamedov,R (2709) Huaian 2017}) 8... e5 9. dxe6 Bxe6 10. Bxe6 fxe6 11. O-O {Predecessor:} Nc6 $146 12. Qe2 Qe7 13. Qc4 Nh5 14. Nd4 Nxd4 15. Bxd4 Bxd4 16. Qxd4 {½-½ (23) Thoma,C (2225)-Vonthron,H (2355) Germany 1995} 1/2-1/2

[Event "SS Manhem Chess Week-GM 2018"]
[Site "Gothenburg"]
[Date "2018.08.17"]
[Round "9"]
[White "Vestby-Ellingsen, Mads"]
[Black "Golubka, Petro"]
[Result "1/2-1/2"]
[WhiteElo "2409"]
[BlackElo "2478"]
[Annotator "TA"]
[PlyCount "40"]
[EventDate "2018.08.11"]
[EventCountry "SWE"]
[SourceTitle "playchess.com"]
[Source "ChessBase"]
[SourceQuality "1"]

{[%evp 26,28,81,89,95]} 1. d4 {Stohl,I} Nf6 2. c4 c5 3. d5 b5 4. cxb5 a6 5. bxa6 g6 6. Nc3 Bxa6 7. e4 Bxf1 8. Kxf1 d6 9. g3 Bg7 10. Kg2 O-O 11. Nf3 Nbd7 12. a4 {A59: Benko/Volga Gambit: White castles by hand} Qb6 13. Qe2 Rfb8 14. Nb5 {LiveBook: 34 Games} Ne8 {[#]} {Predecessor:} 15. Bg5 $146 Qd8 16. Ra3 Nb6 17. b3 Qd7 18. Ra2 f6 19. Bc1 f5 20. exf5 gxf5 {1-0 (40) Carlsen,M (2837)-Bologan,V (2732) Biel 2012 CBM 150 [Stohl,I]} 1/2-1/2